[Event "Qatar Masters Open 2023"]
[Site "Doha QAT"]
[Date "2023.10.18"]
[Round "7.56"]
[White "Lagunow, Raphael"]
[Black "Nurmanova, Alua"]
[Result "0-1"]
[WhiteTitle "IM"]
[BlackTitle "WIM"]
[WhiteElo "2425"]
[BlackElo "2347"]
[WhiteFideId "24652644"]
[BlackFideId "13729390"]
[EventDate "2023.10.11"]

1. e4 c5 2. Nf3 d6 3. d4 cxd4 4. Nxd4 Nf6 5. Nc3 a6 6. Rg1 e5 7. Nb3 h5 8. f3
Qb6 9. Rh1 Be6 10. Bg5 Nbd7 11. Qd2 Rc8 12. Nd5 Bxd5 13. exd5 Qc7 14. c4 g6 15.
O-O-O Bg7 16. Kb1 O-O 17. Bd3 Rfe8 18. Rhe1 b6 19. Rc1 a5 20. h4 a4 21. Na1 a3
22. b3 e4 23. Be2 Nc5 24. Be3 Nfd7 25. Bd4 Ne5 26. Qc3 f5 27. Red1 Bh6 28. Rc2
Qd7 29. fxe4 fxe4 30. Qg3 Kh7 31. Rc3 e3 32. Bxc5 Rxc5 33. Nc2 b5 34. Nxe3 Qg7
35. b4 bxc4 36. Bxh5 Qb7 37. Bxg6+ Nxg6 38. Nc2 Rxd5 39. Rf1 Nf4 40. Rxc4 Rd3
41. Qg4 Qd5 42. Rcxf4 Bxf4 43. Qxf4 Rf8 0-1

[Event "Qatar Masters Open 2023"]
[Site "Doha QAT"]
[Date "2023.10.18"]
[Round "7.57"]
[White "Ostrovskiy, Aleksandr"]
[Black "Msellek, Ilyass"]
[Result "0-1"]
[WhiteTitle "IM"]
[BlackTitle "IM"]
[WhiteElo "2385"]
[BlackElo "2411"]
[WhiteFideId "2034239"]
[BlackFideId "675938"]
[EventDate "2023.10.11"]

1. e4 c5 2. Nf3 e6 3. d4 cxd4 4. Nxd4 Nf6 5. Nc3 Nc6 6. Ndb5 d6 7. Bf4 e5 8. Bg5
a6 9. Na3 b5 10. Nab1 Be7 11. Bxf6 Bxf6 12. a4 b4 13. Nd5 Be6 14. Bc4 O-O 15.
O-O Bg5 16. Qd3 a5 17. c3 Rc8 18. Rd1 bxc3 19. bxc3 Ne7 20. Nxe7+ Qxe7 21. Na3
Rfd8 22. Bxe6 fxe6 23. Nb5 Rd7 24. Qe2 d5 25. Rd3 Rcd8 26. Rad1 Bf6 27. g3 Qc5
28. Qg4 Qc6 29. h4 h6 30. h5 Kh8 31. Kh2 Qc5 32. Kg1 Qc4 33. Qxe6 Qxe4 34. Qc6
Qe2 35. Nc7 e4 36. R3d2 Qf3 37. Qc5 e3 0-1

[Event "Qatar Masters Open 2023"]
[Site "Doha QAT"]
[Date "2023.10.18"]
[Round "7.58"]
[White "Jain, Kashish Manoj"]
[Black "Viani, Antonio Dcunha"]
[Result "1-0"]
[WhiteTitle "FM"]
[BlackTitle "IM"]
[WhiteElo "2338"]
[BlackElo "2410"]
[WhiteFideId "35081098"]
[BlackFideId "5027330"]
[EventDate "2023.10.11"]

1. d4 Nf6 2. c4 g6 3. Nc3 Bg7 4. e4 d6 5. h3 O-O 6. Be3 c5 7. Nf3 cxd4 8. Nxd4
Nc6 9. Be2 Bd7 10. O-O Nxd4 11. Bxd4 Bc6 12. Qc2 Nd7 13. Bxg7 Kxg7 14. Rad1 Qb6
15. Kh1 a5 16. b3 a4 17. f4 axb3 18. axb3 Nc5 19. Rb1 Qb4 20. Bf3 e5 21. f5 Ra3
22. Na2 Qa5 23. Nc3 Qb4 24. Na2 Qb6 25. b4 Nd3 26. b5 Bd7 27. Bg4 gxf5 28. Bxf5
Bxf5 29. Rxf5 Rfa8 30. Qe2 Nf4 31. Qg4+ Kf8 32. Rg5 Ke7 33. Rg7 Rf8 34. Nb4 Qd4
35. Nd5+ Nxd5 36. cxd5 Ra1 37. Qg5+ Ke8 38. Rxa1 Qxa1+ 39. Kh2 Qb1 40. Qg4 Kd8
41. Qg5+ Kd7 42. Qf5+ Kc7 43. Qf6 1-0

[Event "Qatar Masters Open 2023"]
[Site "Doha QAT"]
[Date "2023.10.18"]
[Round "7.59"]
[White "Bagwe, Gaurang"]
[Black "Arhan, Chethan Anand"]
[Result "0-1"]
[WhiteTitle "FM"]
[BlackTitle "FM"]
[WhiteElo "2348"]
[BlackElo "2395"]
[WhiteFideId "45039895"]
[BlackFideId "45062510"]
[EventDate "2023.10.11"]

1. e4 c5 2. Nf3 d6 3. d4 cxd4 4. Nxd4 Nf6 5. Nc3 Nc6 6. Bg5 e6 7. Qd2 a6 8.
O-O-O Bd7 9. Kb1 Nxd4 10. Qxd4 Be7 11. f3 Qc7 12. h4 h6 13. Be3 h5 14. Be2 b5
15. g4 hxg4 16. fxg4 b4 17. Qxb4 Rb8 18. Qd4 O-O 19. g5 Rfc8 20. Bxa6 Nxe4 21.
Nxe4 Qxc2+ 22. Ka1 e5 23. Qd2 Qxe4 24. Bxc8 Bxc8 25. Qd3 Qa8 26. Qa3 Qb7 27. Rh2
Be6 28. Qc3 Qa8 29. Qa3 Qe4 30. Qd3 Qa4 31. a3 d5 32. Qc2 Qa6 33. Qc7 Bd6 34.
Qa7 Qb5 35. g6 Qb3 36. gxf7+ Kf8 37. Rd4 Qxe3 38. Qa6 Qg1+ 39. Ka2 Rd8 40. Rdd2
d4+ 41. b3 Bf5 42. Rb2 Bb1+ 43. Rxb1 Qxh2+ 44. Rb2 Qf4 45. h5 Be7 46. Rg2 Qe4
47. Qg6 Qxg6 48. hxg6 Bf6 49. Kb1 e4 50. Kc1 e3 51. Rh2 Ke7 52. Rh3 Bg5 53. Kd1
d3 54. Rh1 e2+ 55. Ke1 Bh4+ 56. Kd2 e1=Q+ 57. Rxe1+ Bxe1+ 58. Kxe1 Ra8 59. a4
Rb8 60. f8=Q+ Kxf8 0-1

[Event "Qatar Masters Open 2023"]
[Site "Doha QAT"]
[Date "2023.10.18"]
[Round "7.60"]
[White "Liu, Yi"]
[Black "Bai, Adelard"]
[Result "0-1"]
[WhiteTitle "FM"]
[BlackTitle "FM"]
[WhiteElo "2301"]
[BlackElo "2395"]
[WhiteFideId "3210588"]
[BlackFideId "16301188"]
[EventDate "2023.10.11"]

1. d4 Nf6 2. Nc3 d5 3. Bf4 e6 4. Nb5 Na6 5. e3 Be7 6. Nf3 O-O 7. h4 c6 8. Nc3 c5
9. Nb5 Bd7 10. c3 c4 11. a4 Qa5 12. h5 Bxb5 13. axb5 Qxb5 14. Qc2 Rfd8 15. Ne5
Nb8 16. g4 Nbd7 17. g5 Nxe5 18. dxe5 Ne4 19. g6 fxg6 20. hxg6 h6 21. Bh3 Qb6 22.
Qe2 Re8 23. O-O a5 24. Kh2 Bf8 25. Rg1 Qc7 26. Rg2 Re7 27. Qh5 Nc5 28. Bg3 Qb6
29. Bh4 Ree8 30. Bg5 Qc7 31. Rag1 Qxe5+ 32. f4 Qxe3 33. Rg3 Qe4 34. R1g2 Qb1 35.
f5 Ne4 36. Bxh6 Bd6 37. Bxg7 Bxg3+ 38. Rxg3 Qh1+ 39. Kxh1 Nxg3+ 0-1

[Event "Qatar Masters Open 2023"]
[Site "Doha QAT"]
[Date "2023.10.18"]
[Round "7.61"]
[White "Muthaiah, AL"]
[Black "Tissir, Mohamed"]
[Result "1-0"]
[WhiteTitle "IM"]
[BlackTitle "IM"]
[WhiteElo "2470"]
[BlackElo "2344"]
[WhiteFideId "5092442"]
[BlackFideId "9000240"]
[EventDate "2023.10.11"]

1. d4 Nf6 2. Bg5 d5 3. e3 Nbd7 4. Nd2 e5 5. dxe5 Nxe5 6. Ngf3 Ng6 7. c4 dxc4 8.
Bxc4 Be7 9. Qb3 O-O 10. O-O-O Ng4 11. Ne4 Qe8 12. h4 h6 13. Qc2 Kh8 14. Bxe7
Qxe7 15. Neg5 f5 16. Nf7+ Rxf7 17. Bxf7 Qxf7 18. Rd8+ Nf8 19. Qc5 Kg8 20. Rhd1
b6 21. Qc6 Rb8 22. Qe8 Qc4+ 23. Kb1 Qe4+ 24. Qxe4 fxe4 25. Nd4 Ra8 26. Ne6 Bxe6
27. Rxa8 Kf7 28. Rxa7 Kf6 29. Rxc7 Ne5 30. Rd6 Nfd7 31. a4 Ke7 32. Rxb6 Kd8 33.
Rbb7 Nd3 34. b4 Nxf2 35. a5 Nd3 36. a6 1-0

[Event "Qatar Masters Open 2023"]
[Site "Doha QAT"]
[Date "2023.10.18"]
[Round "7.62"]
[White "Manish Anto, Cristiano F"]
[Black "Stearman, Josiah"]
[Result "1-0"]
[WhiteTitle "IM"]
[BlackTitle "IM"]
[WhiteElo "2368"]
[BlackElo "2476"]
[WhiteFideId "25095927"]
[BlackFideId "2062496"]
[EventDate "2023.10.11"]

1. d4 Nf6 2. c4 e6 3. Nf3 b6 4. g3 Ba6 5. b3 Bb4+ 6. Bd2 Be7 7. Nc3 d5 8. cxd5
exd5 9. Bg2 O-O 10. O-O Ne4 11. Rc1 Nxd2 12. Qxd2 Bb7 13. Ne5 Na6 14. Nb5 Bf6
15. Nc6 Qd7 16. Qc2 Rfe8 17. e3 Nb4 18. Nxb4 Qxb5 19. Qxc7 Re7 20. Qc3 a5 21.
Nd3 a4 22. bxa4 Qxa4 23. Rb1 Re6 24. Nf4 Rc6 25. Qb4 Qxb4 26. Rxb4 Be7 27. Rb5
Ba6 28. Nxd5 Bd6 29. Ne7+ Bxe7 30. Bxc6 Bxb5 31. Bxa8 Bxf1 32. Kxf1 g5 33. Ke2
g4 34. Bb7 Kg7 35. Bc8 h5 36. h3 gxh3 37. Bxh3 Bb4 38. e4 f6 39. f4 Bc3 40. Ke3
Be1 41. g4 hxg4 42. Bxg4 Kf7 43. e5 Bc3 44. Ke4 Ke7 45. d5 fxe5 46. fxe5 Bb4 47.
d6+ Kd8 1-0

[Event "Qatar Masters Open 2023"]
[Site "Doha QAT"]
[Date "2023.10.18"]
[Round "7.63"]
[White "Mohammad, Nubairshah Shaikh"]
[Black "Balajayeva, Khanim"]
[Result "1/2-1/2"]
[WhiteTitle "IM"]
[BlackTitle "IM"]
[WhiteElo "2432"]
[BlackElo "2340"]
[WhiteFideId "5053196"]
[BlackFideId "13406396"]
[EventDate "2023.10.11"]

1. Nf3 Nf6 2. c4 e6 3. g3 d5 4. Bg2 Be7 5. O-O O-O 6. d4 dxc4 7. Qc2 a6 8. a4
Bd7 9. Qxc4 Bc6 10. Bg5 Nbd7 11. Nc3 a5 12. Rfd1 h6 13. Bxf6 Nxf6 14. Qb3 Rb8
15. Rac1 Bb4 16. h4 Qe7 17. Ne5 Bxg2 18. Kxg2 c6 19. Nd3 Bd6 20. e4 e5 21. d5
cxd5 22. Nxd5 Nxd5 23. Qxd5 b6 24. Rc6 Rfd8 25. Qb5 Bc5 26. Rc1 Bd4 27. Rc7 Qe8
28. R1c6 Rd7 29. Rxd7 Qxd7 30. Rxb6 Qxb5 31. Rxb5 Rxb5 32. axb5 Kf8 33. b6 Bxb6
34. Nxe5 Bd4 35. Nc6 Bb6 36. Ne5 Bd4 37. Nc6 Bb6 38. f4 Ke8 39. Ne5 Bd4 40. Nc6
Bb6 41. Ne5 Bd4 42. Nc6 Bb6 1/2-1/2

[Event "Qatar Masters Open 2023"]
[Site "Doha QAT"]
[Date "2023.10.18"]
[Round "7.64"]
[White "Seemann, Jakub"]
[Black "Dushyant, Sharma"]
[Result "0-1"]
[WhiteTitle "IM"]
[BlackTitle "IM"]
[WhiteElo "2431"]
[BlackElo "2339"]
[WhiteFideId "21874697"]
[BlackFideId "25065130"]
[EventDate "2023.10.11"]

1. e4 e5 2. Nf3 Nc6 3. Bc4 Bc5 4. d3 Nf6 5. Nc3 a6 6. Be3 d6 7. Bxc5 dxc5 8. a4
Qd6 9. Nd5 Be6 10. Ne3 O-O-O 11. a5 h6 12. Qe2 g6 13. O-O Nh5 14. Bxe6+ Qxe6 15.
Nd5 Nf4 16. Nxf4 exf4 17. c3 g5 18. Rfe1 Rd7 19. Red1 Rhd8 20. Ra4 f5 21. Ne1 g4
22. Rda1 Qe7 23. Kh1 Kb8 24. Qc2 Ne5 25. Rd1 f3 26. exf5 Nxd3 27. Nxd3 Rxd3 28.
Raa1 Qe2 29. Rxd3 Rxd3 30. Qa4 c4 31. gxf3 gxf3 32. Rg1 Qxf2 33. Qxc4 Rd2 34.
Qg8+ Ka7 35. Qg3 Qe3 36. Qxc7 Rxb2 37. Qg3 Qe4 38. Rf1 f2+ 39. Qg2 Qxf5 40. h3
Rb1 41. c4 h5 42. h4 Rxf1+ 43. Qxf1 Qe4+ 44. Kh2 Qxh4+ 45. Kg2 Qg4+ 0-1

[Event "Qatar Masters Open 2023"]
[Site "Doha QAT"]
[Date "2023.10.18"]
[Round "7.65"]
[White "Rakesh, Kumar Jena"]
[Black "Njili, Kamel"]
[Result "1-0"]
[WhiteTitle "IM"]
[BlackTitle "IM"]
[WhiteElo "2312"]
[BlackElo "2423"]
[WhiteFideId "5084822"]
[BlackFideId "5500869"]
[EventDate "2023.10.11"]

1. d4 Nf6 2. Bf4 e6 3. e3 d5 4. Nd2 Bd6 5. Bg3 c5 6. Ngf3 Qc7 7. dxc5 Qxc5 8. c4
O-O 9. Rc1 Rd8 10. Be2 Nc6 11. cxd5 Qxd5 12. e4 Qa5 13. Bxd6 Rxd6 14. b4 Qb6 15.
Qb3 Nd4 16. Nxd4 Rxd4 17. Nc4 Qc6 18. O-O Qxe4 19. Bf3 Qf4 20. g3 Qc7 21. Rfe1
Rb8 22. Ne5 Qd6 23. Qc3 g6 24. Nc4 Qd8 25. Red1 Rxd1+ 26. Rxd1 Qe7 27. Qe5 Ra8
28. b5 Ne8 29. b6 f6 30. Qd4 a6 31. Na5 Kf8 32. a4 e5 33. Qe3 Kg7 34. Rc1 Rb8
35. h4 h5 36. Nb3 Bg4 37. Nc5 Bxf3 38. Qxf3 Rc8 39. Ne6+ 1-0

[Event "Qatar Masters Open 2023"]
[Site "Doha QAT"]
[Date "2023.10.18"]
[Round "7.66"]
[White "Singh, Ojasva"]
[Black "Kushagra, Mohan"]
[Result "0-1"]
[WhiteTitle "FM"]
[BlackTitle "IM"]
[WhiteElo "2324"]
[BlackElo "2412"]
[WhiteFideId "25681958"]
[BlackFideId "25033638"]
[EventDate "2023.10.11"]

1. e4 e5 2. Nf3 Nc6 3. Bb5 a6 4. Ba4 Nf6 5. O-O d6 6. Bxc6+ bxc6 7. d4 exd4 8.
Nxd4 c5 9. Nc6 Qd7 10. Na5 Qa4 11. Bd2 Be6 12. Re1 Nxe4 13. Qf3 d5 14. c4 O-O-O
15. cxd5 Bxd5 16. Qg4+ Kb8 17. f3 Qd4+ 18. Be3 Qb4 19. Rd1 Re8 20. fxe4 Qxa5 21.
Nc3 Be6 22. Qg3 c4 23. Kh1 h5 24. Nd5 h4 25. Qf2 h3 26. b4 hxg2+ 27. Kg1 Qb5 28.
a4 Qb7 29. b5 Bd6 30. bxa6 Bxh2+ 31. Kxg2 Qxa6 32. Rab1+ Kc8 33. Nb6+ cxb6 34.
Rxb6 Qa8 35. Qc2 Bc7 0-1

[Event "Qatar Masters Open 2023"]
[Site "Doha QAT"]
[Date "2023.10.18"]
[Round "7.67"]
[White "Jin, Yueheng"]
[Black "Bakhrillaev, Bakhrom"]
[Result "0-1"]
[BlackTitle "FM"]
[WhiteElo "2398"]
[BlackElo "2302"]
[WhiteFideId "8616868"]
[BlackFideId "14212285"]
[EventDate "2023.10.11"]

1. d4 Nf6 2. c4 g6 3. g3 Bg7 4. Bg2 O-O 5. Nc3 d6 6. Nf3 c5 7. d5 e6 8. O-O exd5
9. cxd5 Re8 10. Re1 Ne4 11. Nxe4 Rxe4 12. Qc2 Re8 13. Bf4 Bg4 14. Nd2 g5 15. Be3
Nd7 16. h3 Bh5 17. Be4 Bg6 18. Bxg6 hxg6 19. Ne4 Re5 20. Nxd6 Rxe3 21. fxe3 Qb8
22. Ne4 f5 23. Kg2 fxe4 24. Qxe4 Qe8 25. Qd3 Rd8 26. Rad1 Nf6 27. Rf1 Rxd5 28.
Qb3 Qe4+ 29. Kh2 c4 30. Qxb7 Rxd1 31. Qc8+ Qe8 32. Qxc4+ Rd5 33. Rxf6 Bxf6 34.
e4 Qb5 35. Qxd5+ Qxd5 36. exd5 Bxb2 37. Kg2 Kf7 38. Kf3 Ke7 39. Kg4 Bf6 40. h4
gxh4 41. gxh4 Kd6 42. h5 gxh5+ 43. Kxh5 Kxd5 44. Kg6 Ke5 45. Kf7 Bh4 46. Ke8 Ke4
47. Kd7 Ke3 48. Kc6 Kxe2 49. Kb7 a5 50. Kb6 Be1 51. Kb5 Kd3 52. Ka4 Kc2 53. Ka3
Bc3 0-1

[Event "Qatar Masters Open 2023"]
[Site "Doha QAT"]
[Date "2023.10.18"]
[Round "7.68"]
[White "Peng, Hongchi"]
[Black "Avinash, Ramesh"]
[Result "1-0"]
[BlackTitle "IM"]
[WhiteElo "2395"]
[BlackElo "2286"]
[WhiteFideId "8609047"]
[BlackFideId "45018340"]
[EventDate "2023.10.11"]

1. d4 Nf6 2. c4 g6 3. Nc3 d5 4. Nf3 Bg7 5. h4 dxc4 6. e4 c5 7. d5 b5 8. e5 Ng4
9. Nxb5 Nxe5 10. Nxe5 Bxe5 11. Bxc4 Nd7 12. Qe2 a6 13. Nc3 Rb8 14. h5 Qa5 15.
O-O Qb6 16. Re1 Qf6 17. Ne4 Qh4 18. g3 Qxh5 19. Qxh5 gxh5 20. Nxc5 Bxb2 21. Nxd7
Kxd7 22. Rb1 Be5 23. Bb3 Bd6 24. Bd2 Ke8 25. Ba4+ Bd7 26. Rxb8+ Bxb8 27. Bc6 Bd6
28. Rb1 f6 29. Rb6 Bxc6 30. dxc6 Kf7 31. Rxa6 Ke6 32. Kg2 Kd5 33. Kh3 Rb8 34.
Kh4 Rb2 35. Be3 Rb1 36. Kh3 Ke4 37. Kg2 Kd5 38. a4 Rb4 39. Kh3 Rc4 40. a5 Rxc6
41. Ra7 Ke6 42. a6 Bc5 43. Bxc5 Rxc5 44. Rb7 Ra5 45. a7 Ra4 46. Kg2 Ra3 47. Kf1
Ra2 48. Kg2 Ra3 49. Kf1 h6 50. Ke2 f5 51. f4 Kf6 52. Kd2 e6 53. Kc2 h4 54. gxh4
Kg6 55. Kb2 Ra6 56. Kc3 Kh5 57. Rg7 Kxh4 58. Kb4 h5 59. Kb5 Rxa7 60. Rxa7 Kg3
61. Kc4 h4 62. Kd3 Kxf4 63. Ke2 e5 64. Rh7 Kg4 65. Ke3 f4+ 66. Kf2 e4 67. Rg7+
Kf5 68. Kg2 f3+ 69. Kf2 Kf4 1-0

[Event "Qatar Masters Open 2023"]
[Site "Doha QAT"]
[Date "2023.10.18"]
[Round "7.69"]
[White "Jaiveer, Mahendru"]
[Black "Nandhidhaa, P V"]
[Result "0-1"]
[WhiteTitle "FM"]
[BlackTitle "WGM"]
[WhiteElo "2393"]
[BlackElo "2260"]
[WhiteFideId "25611151"]
[BlackFideId "5050847"]
[EventDate "2023.10.11"]

1. e4 d6 2. d4 Nf6 3. Nc3 e5 4. Nf3 Nbd7 5. Bc4 Be7 6. O-O O-O 7. Qe2 c6 8. a4
exd4 9. Nxd4 Re8 10. a5 Bf8 11. Bxf7+ Kxf7 12. Qc4+ d5 13. exd5 cxd5 14. Qa2 Nc5
15. Bg5 Nce4 16. Nxe4 Rxe4 17. Rad1 Be7 18. a6 h6 19. Bxf6 Bxf6 20. Nb5 Re5 21.
f4 Rh5 22. f5 Qb6+ 23. Kh1 Qxb5 24. g4 Rh4 25. Rf3 Qc4 26. Qa5 b6 0-1

[Event "Qatar Masters Open 2023"]
[Site "Doha QAT"]
[Date "2023.10.18"]
[Round "7.70"]
[White "Enkhtuul, Altan-Ulzii"]
[Black "Savitha, Shri B"]
[Result "0-1"]
[WhiteTitle "WGM"]
[BlackTitle "WGM"]
[WhiteElo "2231"]
[BlackElo "2375"]
[WhiteFideId "4901444"]
[BlackFideId "35061887"]
[EventDate "2023.10.11"]

1. d4 Nf6 2. Nf3 c5 3. d5 e6 4. Nc3 d6 5. e4 exd5 6. exd5 Bg4 7. h3 Bh5 8. Bb5+
Nbd7 9. Qe2+ Be7 10. g4 Bg6 11. Bd3 O-O 12. Bxg6 hxg6 13. Bf4 b5 14. Nxb5 Nxd5
15. Bg3 a6 16. Nc3 Nxc3 17. bxc3 Bf6 18. O-O Nb6 19. Rad1 d5 20. Qd2 Qd7 21. c4
d4 22. c3 Nxc4 23. Qf4 Rfe8 24. cxd4 cxd4 25. Nxd4 Nb2 26. Rd2 Nc4 27. Rdd1 Be5
28. Nf3 Qc6 29. Nxe5 Nxe5 30. Qc1 Nf3+ 31. Kh1 Qb7 32. Qb1 Qxb1 33. Rxb1 Nd2 34.
Rfd1 Nxb1 35. Rxb1 Re2 36. a3 Ra2 37. Rb3 a5 38. Rf3 Rd8 39. Kg2 a4 40. Bc7 Rd5
41. Rc3 Rdd2 42. Rf3 Rd5 43. Rc3 Rb5 44. Bd6 Rbb2 45. Rf3 g5 46. Bb4 f6 47. Rf5
Kf7 48. Rf3 Rc2 49. Kg3 Rc4 50. Rd3 Rcc2 51. Rf3 Rab2 52. Kg2 Re2 53. Kf1 Ke6
54. Bc5 Rec2 55. Bf8 Kf7 56. Bb4 Rb3 57. Rf5 Rxh3 58. Kg2 Re3 59. Ra5 Re4 60.
Ra7+ Ke6 61. Kg3 Ree2 62. Ra6+ Kd5 63. Ra5+ Kc6 64. Rf5 Re4 65. Ra5 Ree2 66. Rf5
Rc4 67. Bf8 Rf4 68. Rc5+ Kd7 69. Bxg7 Rexf2 70. Rc3 Rb2 71. Rf3 Rb3 0-1

[Event "Qatar Masters Open 2023"]
[Site "Doha QAT"]
[Date "2023.10.18"]
[Round "7.71"]
[White "Karthik, Rajaa"]
[Black "Rohith, Krishna S"]
[Result "1-0"]
[WhiteTitle "FM"]
[BlackTitle "IM"]
[WhiteElo "2309"]
[BlackElo "2434"]
[WhiteFideId "25035215"]
[BlackFideId "46617051"]
[EventDate "2023.10.11"]

1. d4 Nf6 2. Nf3 e6 3. Bf4 d5 4. e3 c5 5. c3 Nc6 6. Nbd2 Bd6 7. Bg3 O-O 8. Bd3
a5 9. O-O b6 10. Qe2 Bb7 11. Rad1 a4 12. a3 Bxg3 13. hxg3 Qe7 14. Ne5 Nd7 15. f4
Ncxe5 16. dxe5 f6 17. exf6 Rxf6 18. e4 c4 19. Bc2 Qc5+ 20. Qf2 Qb5 21. exd5 Bxd5
22. Nf3 Raf8 23. Nd4 Qa6 24. Qe3 Qa8 25. Rf2 e5 26. Ne2 exf4 27. Nxf4 Bc6 28.
Qd4 R8f7 29. Re2 Qa5 30. Qxc4 Qg5 31. Re8+ Nf8 32. Rxf8+ Kxf8 33. Ne6+ Rxe6 34.
Qxe6 g6 35. Qd6+ Kg7 36. Qd4+ Kh6 37. Qh4+ Qxh4 38. gxh4 Re7 39. Rd2 b5 40. Kf2
Rf7+ 41. Kg3 Re7 42. Bd1 Re3+ 43. Kf2 Re5 44. Rd6 Bd5 45. g4 Kg7 46. Be2 Bf7 47.
Rb6 Be8 48. Rb7+ Kg8 49. c4 bxc4 50. Bxc4+ Kf8 51. Rxh7 Re4 52. Be2 Bf7 53. Rh8+
Kg7 54. Rb8 Re7 55. Rb4 Bb3 56. Bb5 Ra7 57. Bc4 Bc2 58. Bd5 Kf6 59. Be4 Bxe4 60.
Rxe4 Rc7 61. Ke3 Rc2 62. Rb4 Rh2 63. Kf3 Rc2 64. Rb6+ Ke5 65. h5 gxh5 66. gxh5
Rh2 67. Kg3 Rh1 68. Rb4 Kf6 69. Rxa4 Rxh5 70. Re4 Rh1 71. Rb4 Ke5 72. Kf3 Kd5
73. Ke3 Kc5 74. Kd3 Rh3+ 75. Kc2 Rg3 76. Kb1 Rh3 77. Ka2 Rg3 78. Rb8 Kc6 79. a4
Kc7 80. Rb5 Kc6 81. b3 Rh3 82. Ka3 Rh4 83. Rg5 Kb6 84. a5+ Ka6 85. b4 Rh1 86.
Rg6+ Ka7 87. Ka4 Rh5 88. Rg7+ Ka8 89. a6 Kb8 90. b5 Ka8 91. Rc7 Rh4+ 92. Ka5 Rh5 1-0

[Event "Qatar Masters Open 2023"]
[Site "Doha QAT"]
[Date "2023.10.18"]
[Round "7.72"]
[White "Hari, Madhavan N B"]
[Black "Tomaszewski, Kacper"]
[Result "1-0"]
[WhiteTitle "IM"]
[BlackTitle "FM"]
[WhiteElo "2408"]
[BlackElo "2307"]
[WhiteFideId "25054309"]
[BlackFideId "1127373"]
[EventDate "2023.10.11"]

1. e4 c5 2. Nf3 d6 3. Bb5+ Nd7 4. O-O Nf6 5. Nc3 a6 6. Be2 e5 7. a4 Be7 8. Bc4
O-O 9. d3 h6 10. Nd2 Re8 11. a5 Nf8 12. Nd5 Nxd5 13. Bxd5 Rb8 14. Nc4 Be6 15. f4
Bxd5 16. exd5 Bf6 17. f5 Nh7 18. Qg4 Kf8 19. Ra4 Qc7 20. Nb6 Bd8 21. Qg3 Nf6 22.
Rh4 Ng8 23. Rg4 f6 24. Nc4 Re7 25. Qh3 Rf7 26. Rf3 Ne7 27. Bxh6 Ke8 28. Qh5 gxh6
29. Rg7 Nxf5 30. Rxf5 Kf8 31. Nxd6 Kxg7 32. Ne8+ Kh7 33. Nxc7 Rxc7 34. Rf3 Rg7
35. Qf5+ Kg8 36. Rh3 Bxa5 37. Qe6+ Kh7 38. Qxf6 Bd2 39. Qf5+ Kg8 40. Rg3 Bg5 41.
h4 Bf4 42. Rxg7+ Kxg7 43. Qd7+ Kh8 44. Qd6 Rg8 45. Qf6+ Kh7 46. d6 1-0

[Event "Qatar Masters Open 2023"]
[Site "Doha QAT"]
[Date "2023.10.18"]
[Round "7.73"]
[White "Senthil, Maran K"]
[Black "Dragicevic, Drazen"]
[Result "1-0"]
[WhiteTitle "FM"]
[BlackTitle "FM"]
[WhiteElo "2298"]
[BlackElo "2354"]
[WhiteFideId "25035681"]
[BlackFideId "1707922"]
[EventDate "2023.10.11"]

1. d4 d5 2. c4 e6 3. Nf3 Nf6 4. g3 Be7 5. Bg2 O-O 6. Nc3 dxc4 7. Ne5 Nc6 8. Bxc6
bxc6 9. Nxc6 Qd6 10. Nxe7+ Qxe7 11. Qa4 c5 12. dxc5 Qxc5 13. Be3 Qh5 14. f3 Bb7
15. O-O-O Rfc8 16. Qb5 Nd5 17. Qxb7 Nxe3 18. Rd2 a6 19. Qe4 Qc5 20. Qd4 Rab8 21.
Qxc5 Rxc5 22. Rd4 h5 23. Re4 Nd5 24. Kc2 Nb4+ 25. Kb1 Rc6 26. Rd1 Nd5 27. Nxd5
exd5 28. Rxd5 Rcb6 29. Kc2 Rxb2+ 30. Kc3 Rxa2 31. Rxh5 Ra3+ 32. Kxc4 Ra4+ 33.
Kc3 Rxe4 34. fxe4 Rb6 35. Kd4 Kf8 36. Ra5 Ke7 37. h4 Rb3 38. g4 Rg3 39. Rg5 g6
40. h5 gxh5 41. Re5+ Kf6 42. gxh5 Rb3 43. Ra5 Rb6 44. Ke3 Kg7 45. Rg5+ Kh6 46.
Rf5 Kg7 47. Rd5 Re6 48. Kf4 Rf6+ 49. Kg4 Rf2 50. e3 Rg2+ 51. Kf4 Rf2+ 52. Ke5
Rh2 53. Kf4 Rf2+ 54. Kg3 Rf6 55. e5 Rb6 56. Rd6 Rb5 57. Kf4 Rb4+ 58. e4 Ra4 59.
Kf5 Ra1 60. h6+ Kh7 61. Kf6 Rf1+ 62. Ke7 Rf4 63. Rf6 Rxe4 64. Rxf7+ Kxh6 65. e6
Rb4 66. Rf1 Kg6 67. Kd7 Rd4+ 68. Kc7 Rc4+ 69. Kd6 Rc2 70. e7 Rd2+ 71. Ke6 Re2+
72. Kd7 Rd2+ 73. Ke8 Kg7 74. Rg1+ Kh6 75. Rg4 Rb2 76. Kf7 Rf2+ 77. Ke6 Re2+ 78.
Kf6 Kh7 79. Rg5 Kh6 80. Re5 1-0

[Event "Qatar Masters Open 2023"]
[Site "Doha QAT"]
[Date "2023.10.18"]
[Round "7.74"]
[White "Mammadova, Gulnar"]
[Black "Karamsetty, Jeevan"]
[Result "1-0"]
[WhiteTitle "IM"]
[WhiteElo "2346"]
[BlackElo "2300"]
[WhiteFideId "13403508"]
[BlackFideId "2025337"]
[EventDate "2023.10.11"]

1. e4 g6 2. d4 d6 3. Nc3 Bg7 4. Be2 a6 5. a4 Nf6 6. Nf3 O-O 7. O-O Nc6 8. d5 Nb8
9. Nd4 c6 10. a5 e5 11. dxe6 fxe6 12. Bg5 Qe8 13. e5 dxe5 14. Bxf6 Bxf6 15. Nf3
c5 16. Bc4 Nc6 17. Ne4 Bd8 18. Qd2 Qe7 19. Qc3 Bc7 20. Nxc5 Rxf3 21. gxf3 Nd4
22. Ne4 Bd7 23. Rfd1 Rf8 24. Rxd4 exd4 25. Qxd4 Rxf3 26. Re1 Rf4 27. Qd3 Bxa5
28. Re2 b5 29. Bb3 Bb6 30. Qg3 Bc7 31. Qc3 Bb6 32. Qe5 Rf8 33. Rd2 Bc8 34. Rd6
Rf5 35. Rxe6 Bxf2+ 36. Kg2 Bxe6 37. Bxe6+ Rf7 38. Nxf2 h5 39. Ne4 Qh4 40. Bxf7+
Kxf7 41. Ng5+ Kg8 42. Qe8+ Kg7 43. Qe7+ 1-0

[Event "Qatar Masters Open 2023"]
[Site "Doha QAT"]
[Date "2023.10.18"]
[Round "7.75"]
[White "Chan, Kim Yew"]
[Black "Nagarkatte Vedant"]
[Result "0-1"]
[WhiteTitle "FM"]
[BlackTitle "FM"]
[WhiteElo "2292"]
[BlackElo "2345"]
[WhiteFideId "5717981"]
[BlackFideId "25636227"]
[EventDate "2023.10.11"]

1. d4 Nf6 2. c4 e6 3. g3 d5 4. Bg2 dxc4 5. Nf3 c5 6. O-O Nc6 7. Qa4 Bd7 8. Qxc4
b5 9. Qc3 b4 10. Qd3 Rc8 11. dxc5 Bxc5 12. Nbd2 O-O 13. Nb3 Be7 14. Be3 e5 15.
Qa6 Rc7 16. Nfd2 Ng4 17. Rfc1 Nxe3 18. fxe3 Bg5 19. Nf1 Qc8 20. Nc5 Nb8 21. Qd6
Rd8 22. Nb7 Rxc1 23. Rxc1 Bxe3+ 24. Nxe3 Qxc1+ 25. Kf2 Re8 26. Nd5 Qg5 27. Be4
f5 28. Bc2 Kh8 29. Nc7 Rc8 30. Bb3 Qf6 31. Nd5 Qxd6 32. Nxd6 Rf8 33. Nxb4 Be8
34. Nd3 Nd7 35. Nb5 e4 36. Nf4 Nc5 37. Bc4 Bxb5 38. Bxb5 Rb8 39. a4 a6 40. Bc4
Rxb2 0-1